Регионална библиотека "Любен Каравелов" - Русе

Латински език (Запис номер 131052)

MARC детайли
000 -Лидер
Контролно поле с фиксирана дължина 01317nam a2200361 c 4500
003 - Код на организацията, давaща контролен номер
Контролно поле BLK
005 - Дата и час на последна редакция
Контролно поле 20230301135603.0
008 - Елементи от данни с фиксирана дължина
fixed length control field 180409b bul|||||r ||||||| ||bul||
010 ## - Наследен системен номер
LC control number KNG00136853000
020 ## - Международен стандартен номер на книга ISBN
Международен стандартен номер на книга ISBN 978-954-07-3312-8
-- издат.: Унив. изд. Св. Климент Охридски
040 ## - Източник на каталожния запис
Идентификатор на билиотеката - собственик на записа BLK
041 ## - Код за език
Код за езика на текст/звукозапис или на отделно заглавие Български
Код за езика КДБФ Български
072 #7 - Код за тематичната категория
Код организация bullib
Код за тематична категория Н80
Текст Езикознание Н
080 ## - УДК
Текстов определител УДК Латински език
УДК код - определител по УДК 811.124
УДК определител -55(075.8)
УДК - код + определител 811.124-55(075.8)
100 1# - Редна дума - Автор
Автор Георгиева, Недялка Спасова
Авторска отговорност първи автор
R(LIN) 249864
139 ## - Редно поле
Редна дума Георгиева, Недялка Спасова
Авторски знак Георгиев - Г 37
245 10 - Сведения за заглавието
Заглавие Латински език
Подзаглавни данни Морфология
Редно поле (дума) Недялка Спасова Георгиева.
250 ## - Област на изданието
Сведения за изданието 2. изд.
257 ## - Страна на издаване
Страна на създаване/издаване България
260 ## - Област на издателските данни
-- София
Име на издателя, разпространителя и проч. Унив. изд. Св. Климент Охридски
Година на издаване 2012
300 ## - Физическа характеристика
Страници 150 с.
Размери/Мащаб 24 см
380 ## - Жанр
Жанр Езикознание. Филология
500 ## - Общи забележки
Забележка 1. изд. 2006.
650 #4 - Допълнително описание по предмет – тема
Основно описание – тема или топоним Латински език - морфология
9 (RLIN) 322563
653 ## - Ключова дума – ненормативна
Ключова дума латински език
653 ## - Ключова дума – ненормативна
Ключова дума морфология
659 ## - Тематичен бюлетин
Тематичен бюлетин Н
852 ## - Местоположение
Форматна сигнатура Цб 257316
856 4# - Електронен адрес и достъп
Електронен формат pdf - файл
Път до файла /url/
856 4# - Електронен адрес и достъп
Електронен формат pdf - файл
Път до файла /url/
942 ## - АРТИКУЛИ
Вид на библиотечния материал Книги
Скрит в OPAC Не
Koha issues (borrowed), all copies 2
944 ## - СЪЗДАВАНЕ И РЕДАКЦИЯ на ЗАПИСА
Създаване/Редакция Създаване
Дата на регистрацията/редакция 30.08.2011
Статус, дата на статуса ф /
Служител, извършил регистрацията/редакцията Пенка_Димитрова
944 ## - СЪЗДАВАНЕ И РЕДАКЦИЯ на ЗАПИСА
Създаване/Редакция Редакция
Дата на регистрацията/редакция 04.10.2013
Статус, дата на статуса ф /
Служител, извършил регистрацията/редакцията
999 ## - СИСТЕМНИ КОНТРОЛНИ НОМЕРА
Koha biblionumber 131052
Koha biblioitemnumber 131052
Наличности
Код за отписване Код за изгубен артикул Код за повреда Коз за рестрикции Код за отдаване Артикулен № Име на библиотеката - собственик Име на библиотеката, в която се намира в момента Статус (Текущо местоположение) Дата на вписване в системата Местоположение - отдел Цена в лева Инвентарен номер Систематично азбучна сигнатура Баркод Номер на екземпляра Цена в евро Служебна бележка Служебен тип на артикула
  Не е изгубен Не е повреден без рестрикции заемане за дома 213616 Регионална библиотека "Любен Каравелов" Русе Регионална библиотека "Любен Каравелов" Русе ЧЧЗО - англ. ез. - Британски съвет 2012-11-27 ЧЧЗО - англ. ез. - Британски съвет 12.00 120000761864 Ч3 807/Г 37 120000761864 1 6.14 Дост: Pk Вид: Ф N: 323 Дата: 19.11.2012 Дата инв: 20.03.2015 Бележки инв: Ч32015 Книги
  Не е изгубен Не е повреден без рестрикции ползва се в читалня 213617 Регионална библиотека "Любен Каравелов" Русе Регионална библиотека "Любен Каравелов" Русе Хранилище 2013-10-04 Хранилище 12.00 120000770146 Цб 257316 120000770146 2 6.14 Дост: Dp Вид: Д N: 31 Дата: 30.07.2012 Книги
Vip Innovations Ltd, Rousse, Bulgaria 2025